| 000 | 00675nam a2200229Ia 4500 | ||
|---|---|---|---|
| 003 | GCL | ||
| 008 | 140319s9999 xx 000 0 ara d | ||
| 040 |
_aGCL / _cGCL |
||
| 082 | 0 | 4 |
_a192 _bا ف |
| 100 | 1 | _aابراهيم مصطفى ابراهيم | |
| 245 | 1 | 0 |
_aفلسفة جورج سنتيانا فى الوجود والمعرفة / _cابراهيم مصطفى ابراهيم |
| 300 | _a293 | ||
| 490 | _a | ||
| 650 | 0 | 4 | _aالفلسفة |
| 650 | 0 | 4 | _aالمادية |
| 650 | 0 | 4 | _aوحدة الوجود |
| 650 | 0 | 4 | _aالفلسفة الغربية |
| 650 | 0 | 4 | _aالروحانيات |
| 650 | 0 | 4 | _aالوجود |
| 650 | 0 | 4 | _aالماهيويه |
| 942 |
_2ddc _cBK |
||
| 999 |
_c39194 _d39194 |
||